| 000 | 00586nam a22001817a 4500 | ||
|---|---|---|---|
| 999 |
_c190014 _d190014 |
||
| 005 | 20220715154703.0 | ||
| 010 | _aENG-133607 | ||
| 020 |
_a9789384790065 _c550.00 |
||
| 035 | _aEN-117139 | ||
| 037 | _bDBAD/PUB | ||
| 082 | _a658.4 | ||
| 100 | _aSarkar, Debashis | ||
| 245 |
_aLittle Big Things in Operational Excellence/ _cDebashis Sarkar |
||
| 260 |
_aNew Delhi _bSage Publications India Pvt. Ltd _c2021 |
||
| 270 |
_aB-1/I-I Mohan Cooperative Industrial Area Mathura Road, _bNew Delhi _e110044 |
||
| 300 |
_ax, 304p. _c22cm(pbk) |
||
| 942 |
_2ddc _cEN _h658.4 _mSAR |
||